Lana Del Rey - Nectar of the Gods - Statistics

General Stats
  • This quiz has been taken 52 times
  • The average score is 185 of 229
Answer Stats
Answer % Correct
What
100%
a
96%
A
96%
Gods
96%
I
96%
I-
96%
Nectar
96%
of
96%
the
96%
this?
96%
you
96%
is
91%
get
87%
baby
83%
blue
83%
color
83%
crazy
83%
cruel
83%
in
83%
just
83%
like
83%
my
83%
now
83%
Oh
83%
oh
83%
on
83%
to
83%
wild
83%
world
83%
and
78%
fuckin'
78%
I'm
78%
knew
78%
never
78%
about
74%
Heroin
74%
people
74%
sweet
74%
used
74%
am
70%
can’t
70%
dream
70%
freeway
70%
know
70%
stop
70%
then
70%
thoughts
70%
vine
70%
why
70%
but
65%
call
65%
came
65%
don’t
65%
phone
65%
up
65%
veins
65%
hang
61%
high
61%
Honey
61%
lost
61%
twice
61%
night
57%
Once
57%
sing
57%
talk
57%
true
57%
way
57%
dreams
52%
found
52%
gold
52%
kid
52%
million
52%
School
52%
at
48%
passed
48%
again
43%
Californ-
43%
homeland
43%
wanna
43%
racing
39%
No matching quizzes found
Score Distribution
Percent of People with Each Score
Percentile by Number Answered
Your Score History
You have not taken this quiz